000 00537nam a2200169Ia 4500
005 20250714155852.0
008 250714s9999 xx 000 0 und d
020 _a9780521611916
082 _a935
_bDAN
100 _aDandamaev, Muhammad A.
245 4 _aThe Culture and Social Institutions of Ancient Iran
260 _bCambridge University Press
_c2004
300 _a486 pages
500 _aThe authors look in detail at the highly developed social institutions of the Achaemenid Empire.
650 _aHistory
942 _cENGLISH
999 _c575823
_d575823